000 00546nam a2200181 i 4500
001 22333
003 ES-MaACL
005 20250921063022.0
007 t|
008 021202s1973 sp ||||1| spa d
100 1 _aAldecoa, Ignacio,
_d1925-1969
_919628
245 1 0 _aCuentos completos /
_cIgnacio Aldecoa ; recopilación y notas de Alicia Bleiberg.
260 _aMadrid :
_bAlianza,
_c[1973]
300 _a2 v. ;
_c18 cm.
700 1 _aBleiberg, Alicia.
_929468
852 _aES-MaACL
_jC-50029-30
_bR.84869
999 _c22333
_d22333